Effects Department of Justice Investigations have on Violent Crime and Arrest Rates

In 1994 Congress enacted the Violent Crime Control and Law Enforcement Act, which in part gave the Department of Justice, Civil Rights Division (DOJCRD) the power to investigate local law enforcement agencies for Constitutional and civil rights violations. Researchers have found these investigations...

Full description

Saved in:  
Bibliographic Details
Main Author: Hoffman, D. Scott (Author)
Format: Electronic Book
Language:English
Published: 2018
In:Year: 2018
Online Access: Volltext (kostenfrei)
Check availability: HBZ Gateway

MARC

LEADER 00000cam a22000002c 4500
001 1866325698
003 DE-627
005 20250114054913.0
007 cr uuu---uuuuu
008 231019s2018 xx |||||o 00| ||eng c
035 |a (DE-627)1866325698 
035 |a (DE-599)KXP1866325698 
040 |a DE-627  |b ger  |c DE-627  |e rda 
041 |a eng 
084 |a 2,1  |2 ssgn 
100 1 |a Hoffman, D. Scott  |e VerfasserIn  |4 aut 
245 1 0 |a Effects Department of Justice Investigations have on Violent Crime and Arrest Rates 
264 1 |c 2018 
336 |a Text  |b txt  |2 rdacontent 
337 |a Computermedien  |b c  |2 rdamedia 
338 |a Online-Ressource  |b cr  |2 rdacarrier 
520 |a In 1994 Congress enacted the Violent Crime Control and Law Enforcement Act, which in part gave the Department of Justice, Civil Rights Division (DOJCRD) the power to investigate local law enforcement agencies for Constitutional and civil rights violations. Researchers have found these investigations are expensive, time consuming, and highly intrusive to a law enforcement agency. To understand how these investigations are impacting communities, data were gathered on cities with local law enforcement agencies that have experienced an investigation by the DOJCRD. Using a quasi-experimental, multiple time-series research design with a paired samples t-test, the dependent variables (violent crime and arrest rates) were analyzed for any differences before and after the introduction of the independent variable (the commencement of a DOJCRD investigation). With an established a = .05, adjusting for non-reported crime, and comparing to a non-equivalent control variable (national crime rate), the research findings indicate increased violent crime with the commencement of these investigations. The results also show that arrest rates significantly decreased indicating the possibility of de-policing. The negative impact to communities with increased violent crime rates and decreased arrest rates calls into question the efficacy of DOJCRD investigations. By supporting the recommendation for Congress to repeal this power given to the DOJCRD, this research can lead to positive social change by preventing federal government intrusion into local government that is negatively impacting communities 
856 4 0 |u https://core.ac.uk/download/217230091.pdf  |x Verlag  |z kostenfrei  |3 Volltext  |7 0 
935 |a mkri 
951 |a BO 
ELC |a 1 
LOK |0 000 xxxxxcx a22 zn 4500 
LOK |0 001 4392971422 
LOK |0 003 DE-627 
LOK |0 004 1866325698 
LOK |0 005 20231019043658 
LOK |0 008 231019||||||||||||||||ger||||||| 
LOK |0 035   |a (DE-2619)CORE63238983 
LOK |0 040   |a DE-2619  |c DE-627  |d DE-2619 
LOK |0 092   |o n 
LOK |0 852   |a DE-2619 
LOK |0 852 1  |9 00 
LOK |0 935   |a core 
LOK |0 939   |a 19-10-23  |b l01 
OAS |a 1 
ORI |a SA-MARC-krimdoka001.raw